Výpočet odvodov za zamestnancov a ich účtovanie v sústave podvojného účtovníctva v roku 2015

Minimálna mzda v roku 2015. Odvodová úľava. Odpočítateľná položka pre účely verejného zdravotného poistenia. Výpočet a účtovanie platieb na sociálne a zdravotné poistenie u zamestnancov, ktorí pracujú na základe pracovnej zmluvy.

Gespeichert in:
Bibliographische Detailangaben
1. Verfasser: Pakšiová, Renáta, 1974-
Format: Buchkapitel
Sprache:Slowakisch
Schlagworte:
Tags: Tag hinzufügen
Keine Tags, Fügen Sie das erste Tag hinzu!

MARC

LEADER 00000naa a2200000 4500
001 0200770
005 20240502073408.5
041 0 |a slo 
044 |a SK 
245 1 0 |a Výpočet odvodov za zamestnancov a ich účtovanie v sústave podvojného účtovníctva v roku 2015  |c Renáta Pakšiová 
520 |a Minimálna mzda v roku 2015. Odvodová úľava. Odpočítateľná položka pre účely verejného zdravotného poistenia. Výpočet a účtovanie platieb na sociálne a zdravotné poistenie u zamestnancov, ktorí pracujú na základe pracovnej zmluvy. 
610 2 0 |a odvody 
610 2 0 |a poistenie sociálne 
610 2 0 |a poistenie zdravotné 
610 2 0 |a účtovníctvo podvojné 
610 2 0 |a zamestnanci 
100 1 |a Pakšiová, Renáta, 1974-